书目信息 |
| 题名: |
中老年保健
|
|
| 作者: | 计苏华 著 | |
| 分册: | ||
| 出版信息: | 北京 科学普及出版社 1980.11 |
|
| 页数: | 90页 | |
| 开本: | 19cm | |
| 丛书名: | 医学知识丛书 | |
| 单 册: | ||
| 中图分类: | R161.7 | |
| 科图分类: | ||
| 主题词: | 个人卫生 | |
| 电子资源: | ||
| ISBN: | ||
| 000 | 00590nam0 2200217 45 | |
| 001 | 0181013005 | |
| 005 | 20060406103031.96 | |
| 010 | @dCNY0.28 | |
| 091 | @a14051.1015 | |
| 100 | @a20810111d km y0chiy0120 ea | |
| 101 | 0 | @achi |
| 200 | 1 | @a中老年保健@Azhong lao nian bao jian@f计苏华著@Fji su hua zhu |
| 210 | @a北京@c科学普及出版社@d1980.11 | |
| 215 | @a90页@d19cm | |
| 225 | 2 | @a医学知识丛书 |
| 410 | 0 | @12001 @a医学知识丛书 |
| 606 | 0 | @a个人卫生 |
| 690 | @aR161.7 | |
| 701 | 0 | @a计苏华@Aji su hua@4著 |
| 801 | @aCN@bTSTC@c20060406 | |
| 905 | @dR161.7@f2@b40116-117@e12@b40119@f1 | |
| 中老年保健/计苏华著.-北京:科学普及出版社,1980.11 |
| 90页;19cm.-(医学知识丛书) |
| ISBN :CNY0.28 |
| ● |
| 相关链接 |
|
|
|
|
正题名:中老年保健
索取号:R161.7/12
 
预约/预借
| 序号 | 登录号 | 条形码 | 馆藏地/架位号 | 状态 | 备注 |
| 1 | 0040116 | 000707088 | 密集书库/ [索取号:R161.7/12] | 在馆 | |
| 2 | 0040117 | 000707060 | 密集书库/ [索取号:R161.7/12] | 在馆 | |
| 3 | 0040119 | 000707970 | 密集书库/ [索取号:R161.7/12] | 在馆 | |
| 4 | 0057392 | 202209984 | 密集书库/ [索取号:R161.7/12] | 在馆 | |
| 5 | 0057393 | 202209975 | 密集书库/ [索取号:R161.7/12] | 在馆 | |
| 6 | 0140118 | 202209939 | 密集书库/ [索取号:R161.7/12] | 在馆 | |
| 7 | 0140120 | 000707079 | 第二样本阅览室/ [索取号:R161.7/12] | 在馆 |